Civilizační hodnoty a právní principy

Vývoj v 21. storočí je determinovaný globalizačnými procesmi spojenými s fenoménom svetovej nadvlády nadnárodných korporácií. Pozitíva a negatíva. Civilizačné hodnoty jednotlivých civilizácií v procese globalizácie. Svetové náboženské systémy v kontexte globalizácie. Šírenie globálnej kultúry. Absen...

Ausführliche Beschreibung

Gespeichert in:
Bibliographische Detailangaben
1. Verfasser: Zoubek, Vladimír
Format: Buchkapitel
Sprache:Tschechisch
Schlagworte:
Tags: Tag hinzufügen
Keine Tags, Fügen Sie das erste Tag hinzu!

MARC

LEADER 00000naa$a2200000$$$4500
001 0026407
005 20230929081202.9
041 0 |a cze 
044 |a SK 
245 1 0 |a Civilizační hodnoty a právní principy  |c Vladimír Zoubek 
520 |a Vývoj v 21. storočí je determinovaný globalizačnými procesmi spojenými s fenoménom svetovej nadvlády nadnárodných korporácií. Pozitíva a negatíva. Civilizačné hodnoty jednotlivých civilizácií v procese globalizácie. Svetové náboženské systémy v kontexte globalizácie. Šírenie globálnej kultúry. Absencia efektívnej inštitúcie globálneho riadenia. Univerzálnosť základných práv a slobôd. 
610 2 0 |a globalizácia 
610 2 0 |a politika svetová 
610 2 0 |a korporácie transnacionálne 
610 2 0 |a spoločnosti nadnárodné 
610 2 0 |a problémy globálne 
610 2 0 |a nestabilita politická 
610 2 0 |a vzťah politiky a ekonomiky 
610 2 0 |a globalizácia hospodárstva 
610 2 0 |a civilizácia 
610 2 0 |a kultúra 
610 2 0 |a vývoj spoločenský 
610 2 0 |a práva ľudské 
610 2 0 |a náboženstvo 
100 1 |a Zoubek, Vladimír